[Event "SV Letmathe 1 - SG Niederkassel 1"]
[Site "NRW-Klasse - Gruppe 1 2018/20"]
[Date "2019.04.14"]
[Round "8.7"]
[White "Freundlieb, Thomas"]
[Black "Pfleger, Sascha"]
[Result "1-0"]
[WhiteElo "2043"]
[BlackElo "2038"]
[Annotator "Daniel"]
[PlyCount "75"]
[EventDate "2019.??.??"]
[WhiteTeam "SG Niederkassel 1"]
[BlackTeam "SV Letmathe 1"]

1. d4 Nf6 2. Bf4 c5 3. e3 cxd4 4. exd4 d5 5. c3 Nc6 6. Bd3 g6 7. Qc2 Nh5 8. Be3
Ng7 9. Ne2 Bf5 10. Ng3 Bxd3 11. Qxd3 h5 12. h4 Qd6 13. Nd2 Ne6 14. Ne2 Bg7 15.
Nf3 Bf6 16. g3 $11 a6 17. Nf4 Ng7 18. Ne2 Nf5 19. Bf4 e5 20. dxe5 Nxe5 21. Nxe5
Bxe5 22. Bxe5 Qxe5 23. O-O-O O-O-O 24. Nd4 Nxd4 25. Qxd4 Rhe8 26. Qxe5 Rxe5 27.
Rhe1 Rde8 28. Rxe5 Rxe5 29. Kd2 b5 30. Ra1 Re4 31. f3 Rc4 32. b3 Rc6 33. a4
bxa4 34. Rxa4 Kd7 35. Kd3 Rb6 36. Kd4 Rxb3 37. Rxa6 Rb5 38. g4 {ZÜ} 1-0

[Event "SV Letmathe 1 - SG Niederkassel 1"]
[Site "NRW-Klasse - Gruppe 1 2018/20"]
[Date "2019.04.14"]
[Round "8.8"]
[White "Hunold, Rolf"]
[Black "Konzen, Horst"]
[Result "1/2-1/2"]
[WhiteElo "1965"]
[BlackElo "1911"]
[PlyCount "112"]
[EventDate "2019.??.??"]
[WhiteTeam "SV Letmathe 1"]
[BlackTeam "SG Niederkassel 1"]

1. e4 c5 2. Nf3 e6 3. d4 cxd4 4. Nxd4 a6 5. c4 Nf6 6. Nc3 Qc7 7. Be2 b6 8. a3
Bb7 9. f3 d6 10. Be3 Nbd7 11. Rc1 Rc8 12. O-O Be7 13. Qe1 O-O 14. Qf2 Bd8 15.
Rc2 Qb8 16. Rfc1 Bc7 17. g3 Kh8 18. b4 Qa8 19. Nb3 Qb8 20. Nd2 Rg8 21. Bd4 e5
22. Be3 g5 23. h3 Rg7 24. Nd5 Nxd5 25. cxd5 f6 26. Nc4 b5 27. Ba7 Qa8 28. Nb6
Nxb6 29. Bxb6 Qb8 30. Ba7 Qa8 31. Bb6 Qb8 32. Rc3 Rf7 33. g4 Kg7 34. Kg2 Rd7
35. R1c2 Kf7 36. Qg1 Bxb6 37. Qxb6 Rxc3 38. Rxc3 Ke7 39. a4 bxa4 40. Bxa6 Qd8
41. Qb5 Qa8 42. Bxb7 Rxb7 43. Qc6 Qb8 44. Qxa4 Rxb4 45. Qc6 Rb2+ 46. Kg3 Rb7
47. Qc8 Qxc8 48. Rxc8 Kf7 49. Rh8 Kg7 50. Rd8 Rb6 51. Rd7+ Kg6 52. Rc7 Rb8 53.
Rc6 Rd8 54. Kf2 Rd7 55. Ke2 h5 56. Kd3 h4 1/2-1/2

[Event "SG Niederkassel 1 - Krefelder SK Turm 1"]
[Site "NRW-Klasse - Gruppe 1 2018/20"]
[Date "2019.05.12"]
[Round "9.1"]
[White "Stomberg, Thomas"]
[Black "Guelsen, Taylan"]
[Result "1-0"]
[WhiteElo "2307"]
[BlackElo "2128"]
[PlyCount "101"]
[EventDate "2019.??.??"]
[WhiteTeam "Krefelder SK Turm 1"]
[BlackTeam "SG Niederkassel 1"]

1. Nf3 d5 2. g3 Nf6 3. Bg2 b5 4. d4 e6 5. O-O c5 6. a4 b4 7. c4 bxc3 8. Nxc3
Nc6 9. Bf4 a6 10. Rc1 Bb7 11. e3 c4 12. Ne5 Qb6 13. Qe2 Be7 14. Nxc6 Bxc6 15.
e4 dxe4 16. Nxe4 Bxe4 17. Bxe4 Nxe4 18. Qxe4 O-O 19. d5 Qxb2 20. dxe6 Qf6 21.
exf7+ Qxf7 22. Qxc4 a5 23. Rfd1 Bb4 24. Rd7 Qxc4 25. Rxc4 Rf7 26. Rxf7 Kxf7 27.
Rc7+ Kf6 28. Bc1 Bf8 29. Bb2+ Kg6 30. Bc3 h5 31. h4 Re8 32. Ra7 Rc8 33. Bxa5
Rc1+ 34. Kg2 Bc5 35. Ra6+ Kf5 36. Bb6 Bxb6 37. Rxb6 Ra1 38. Rb5+ Kg6 39. a5 Ra3
40. Rb6+ Kf5 41. a6 g6 42. Rc6 Ra2 43. Kf3 Ra3+ 44. Ke2 Ra2+ 45. Ke3 Ra4 46.
Kd3 Ra2 47. Kc4 Rxf2 48. Kb5 Rb2+ 49. Ka5 Rb3 50. a7 Rxg3 51. Rc4 1-0

[Event "SG Niederkassel 1 - Krefelder SK Turm 1"]
[Site "NRW-Klasse - Gruppe 1 2018/20"]
[Date "2019.05.12"]
[Round "9.2"]
[White "Rybarczyk, Klaus"]
[Black "Kistella, Roman"]
[Result "1/2-1/2"]
[WhiteElo "2196"]
[BlackElo "2215"]
[PlyCount "87"]
[EventDate "2019.??.??"]
[WhiteTeam "SG Niederkassel 1"]
[BlackTeam "Krefelder SK Turm 1"]

1. Nf3 Nf6 2. c4 e6 3. g3 b6 4. Bg2 Bb7 5. O-O c5 6. Nc3 Be7 7. Re1 d6 8. e4
Nbd7 9. d4 cxd4 10. Nxd4 Qc7 11. b3 O-O 12. Ba3 a6 13. Rc1 Rfe8 14. f4 Rad8 15.
f5 e5 16. Nd5 Qc8 17. Nc2 Nxd5 18. cxd5 Qb8 19. Nb4 Nc5 20. Nc6 Bxc6 21. dxc6
a5 22. Bf1 b5 23. Bxc5 dxc5 24. Qe2 c4 25. bxc4 Bc5+ 26. Kh1 b4 27. f6 Re6 28.
fxg7 Rxc6 29. Rcd1 Rd4 30. Rxd4 Bxd4 31. Bh3 Qb7 32. Bf5 a4 33. Qh5 h6 34. Qg4
Qb8 35. Rf1 b3 36. axb3 axb3 37. Bh7+ Kxh7 38. Rxf7 Qg8 39. Qf5+ Rg6 40. Rb7 b2
41. h4 Qxg7 42. Rxg7+ Kxg7 43. Qd7+ Kh8 44. Qd8+ 1/2-1/2

[Event "SG Niederkassel 1 - Krefelder SK Turm 1"]
[Site "NRW-Klasse - Gruppe 1 2018/20"]
[Date "2019.05.12"]
[Round "9.3"]
[White "Van Gool, Rudi"]
[Black "Stanetzek, Carsten"]
[Result "1/2-1/2"]
[WhiteElo "2228"]
[BlackElo "2132"]
[PlyCount "95"]
[EventDate "2019.??.??"]
[WhiteTeam "Krefelder SK Turm 1"]
[BlackTeam "SG Niederkassel 1"]

1. d4 d5 2. Nf3 Nf6 3. c4 c6 4. Qc2 dxc4 5. Qxc4 Bf5 6. g3 e6 7. Bg2 Be7 8. O-O
O-O 9. Nc3 Nbd7 10. Re1 Ne4 11. e3 Re8 12. Rd1 h6 13. Qe2 a5 14. Ne1 Nxc3 15.
bxc3 a4 16. e4 Bg6 17. Nd3 Qa5 18. Bd2 Qa6 19. Rab1 e5 20. Re1 exd4 21. cxd4
Bf6 22. Nf4 Bxd4 23. Qxa6 bxa6 24. Nxg6 fxg6 25. Rbd1 Ne5 26. Be3 Bxe3 27. Rxe3
Rad8 28. Rde1 g5 29. f4 gxf4 30. gxf4 Nd3 31. Rf1 c5 32. e5 g5 33. fxg5 Rxe5
34. Rxe5 Nxe5 35. Rf5 Ng4 36. Bf3 Ne3 37. Rxc5 hxg5 38. Rxg5+ Kh7 39. Ra5 Rd4
40. Rxa6 Nc2 41. Re6 Rd2 42. Re2 Rxe2 43. Bxe2 Nd4 44. Kf2 a3 45. Ke3 Nc2+ 46.
Kd2 Nb4 47. Bc4 Nxa2 48. Bxa2 1/2-1/2

[Event "SG Niederkassel 1 - Krefelder SK Turm 1"]
[Site "NRW-Klasse - Gruppe 1 2018/20"]
[Date "2019.05.12"]
[Round "9.4"]
[White "Bussard, Christian"]
[Black "Terhuven, Patrick"]
[Result "0-1"]
[WhiteElo "2244"]
[BlackElo "2218"]
[PlyCount "93"]
[EventDate "2019.??.??"]
[WhiteTeam "SG Niederkassel 1"]
[BlackTeam "Krefelder SK Turm 1"]

1. d4 d5 2. Bf4 Nf6 3. e3 c5 4. c3 Nc6 5. Nd2 e6 6. Ngf3 Bd6 7. Bg3 O-O 8. Bd3
b6 9. Ne5 Bb7 10. f4 Ne7 11. O-O Nf5 12. Bf2 Be7 13. Qe2 Nd6 14. Bh4 Nfe4 15.
Bxe7 Qxe7 16. Nxe4 Nxe4 17. Bxe4 dxe4 18. dxc5 f6 19. c6 fxe5 20. cxb7 Qxb7 21.
fxe5 Qd5 22. Rfd1 Qxe5 23. Rd4 Rad8 24. Rad1 Qg5 25. h3 Rxd4 26. Rxd4 Qf5 27.
a4 h6 28. Rd7 Rf7 29. Rxf7 Qxf7 30. Qb5 Kh7 31. Qe5 Qf5 32. Qxf5+ exf5 33. g4
g5 34. gxf5 Kg7 35. h4 g4 36. Kg2 Kf6 37. h5 Kxf5 38. b4 Ke5 39. Kg3 Kd5 40.
Kxg4 a5 41. Kf4 b5 42. axb5 a4 43. c4+ Kd6 44. c5+ Kd7 45. b6 a3 46. b7 Kc7 47.
c6 0-1

[Event "SG Niederkassel 1 - Krefelder SK Turm 1"]
[Site "NRW-Klasse - Gruppe 1 2018/20"]
[Date "2019.05.12"]
[Round "9.6"]
[White "Freundlieb, Thomas"]
[Black "Dorner, Matthias"]
[Result "1/2-1/2"]
[WhiteElo "2029"]
[BlackElo "2119"]
[PlyCount "149"]
[EventDate "2019.??.??"]
[WhiteTeam "SG Niederkassel 1"]
[BlackTeam "Krefelder SK Turm 1"]

1. d4 c6 2. Bf4 d5 3. e3 Bf5 4. c4 Qb6 5. Qb3 Qxb3 6. axb3 Bxb1 7. Rxb1 e6 8.
c5 Nd7 9. b4 a6 10. Nf3 f6 11. h3 Nh6 12. Ra1 Rc8 13. Be2 Nf7 14. Nd2 e5 15.
Bh2 g6 16. Nb3 Bg7 17. Na5 Rc7 18. f4 O-O 19. O-O Re8 20. fxe5 fxe5 21. e4 Nf6
22. exd5 Nxd5 23. Bc4 Rd7 24. Bxd5 cxd5 25. c6 bxc6 26. Nxc6 exd4 27. Rfd1 Re2
28. Rxa6 h6 29. Nxd4 Rxb2 30. Rxg6 Kh7 31. Rc6 Rxb4 32. Ne6 Ng5 33. Nxg7 Rxg7
34. Rc7 Nxh3+ 35. Kf1 Nf4 36. Rxg7+ Kxg7 37. g3 Nh3 38. Kg2 Ng5 39. Bg1 Rb2+
40. Kf1 Nf3 41. Bd4+ Nxd4 42. Rxd4 Rb5 43. Ke2 Kf6 44. Rh4 Kg5 45. Rd4 Ra5 46.
Kf3 Kf5 47. Rh4 Ra3+ 48. Kf2 Ra6 49. Ke3 Re6+ 50. Kd4 Rd6 51. Rf4+ Kg5 52. Rh4
h5 53. Rf4 Ra6 54. Kxd5 Ra3 55. Rf8 Rxg3 56. Ke4 Ra3 57. Rg8+ Kh4 58. Rh8 Kg4
59. Rg8+ Kh3 60. Kf4 h4 61. Rh8 Ra1 62. Kf3 Rf1+ 63. Ke2 Rf5 64. Rg8 Kh2 65.
Rg7 h3 66. Rg8 Ra5 67. Kf2 Ra2+ 68. Kf1 Rg2 69. Rh8 Rg4 70. Kf2 Rg5 71. Rf8
Rg2+ 72. Kf1 Kh1 73. Rf7 Rb2 74. Rf8 Kh2 75. Rf2+ 1/2-1/2

[Event "SG Niederkassel 1 - Krefelder SK Turm 1"]
[Site "NRW-Klasse - Gruppe 1 2018/20"]
[Date "2019.05.12"]
[Round "9.7"]
[White "Fehmer, Carsten"]
[Black "Kneutgen, Alexander"]
[Result "1-0"]
[WhiteElo "2060"]
[BlackElo "1915"]
[PlyCount "87"]
[EventDate "2019.??.??"]
[WhiteTeam "Krefelder SK Turm 1"]
[BlackTeam "SG Niederkassel 1"]

1. Nf3 Nf6 2. g3 g6 3. b3 Bg7 4. Bb2 O-O 5. Bg2 d5 6. O-O c6 7. c4 Bf5 8. d3 a5
9. Nbd2 Na6 10. Rc1 Rc8 11. Qc2 Ne8 12. Bxg7 Nxg7 13. Qb2 f6 14. Nd4 Qd7 15.
Nxf5 gxf5 16. cxd5 cxd5 17. Qd4 Nb4 18. a3 e5 19. Qb6 Nc6 20. e3 e4 21. d4 Rfd8
22. b4 axb4 23. axb4 Ne8 24. Nb3 Qc7 25. Qb5 Qb8 26. Bh3 Ne7 27. Rxc8 Qxc8 28.
Rc1 Qd7 29. Qb6 Qd6 30. Qxb7 Rb8 31. Qa7 Qxb4 32. Nc5 Nc6 33. Qd7 Qb2 34. Rf1
Nb4 35. Bxf5 Ng7 36. Be6+ Kh8 37. Bxd5 Nxd5 38. Qxd5 f5 39. Qe5 Re8 40. Qf6 Kg8
41. h4 Qe2 42. Nd7 h6 43. Qxh6 Re6 44. Qg5 1-0

[Event "SG Niederkassel 1 - Krefelder SK Turm 1"]
[Site "NRW-Klasse - Gruppe 1 2018/20"]
[Date "2019.05.12"]
[Round "9.8"]
[White "Bussard, Achim"]
[Black "Komans, Dieter"]
[Result "1/2-1/2"]
[WhiteElo "1818"]
[BlackElo "1924"]
[Annotator "Daniel"]
[PlyCount "101"]
[EventDate "2019.??.??"]
[WhiteTeam "SG Niederkassel 1"]
[BlackTeam "Krefelder SK Turm 1"]

1. Nf3 d5 2. e3 Bg4 3. Be2 Nd7 4. b3 e5 5. Bb2 Bxf3 6. Bxf3 Bd6 7. d3 Ngf6 8.
Nd2 Qe7 9. e4 c6 10. a4 Rd8 11. O-O $11 dxe4 12. Nxe4 Nxe4 13. Bxe4 O-O 14. Re1
f5 15. Bf3 e4 16. dxe4 Ne5 17. Qe2 Qh4 18. g3 Qf6 19. Bxe5 Bxe5 20. Rad1 Rxd1
21. Rxd1 f4 22. g4 Kf7 23. Rd7+ Kg6 24. Rd3 Kg5 25. Bg2 g6 26. Bf3 Rd8 27. Qd1
Rd4 28. Rxd4 Bxd4 29. Kg2 Bb6 30. Qe2 Qe5 31. Qd3 Qc5 32. Qe2 Kf6 33. h4 Ke5
34. Qd2 Ba5 35. Qe2 Qd4 36. Kh3 a6 37. g5 b5 38. axb5 cxb5 39. Bg2 Bb6 40. f3
Qd7+ 41. Kh2 Bd4 42. c4 Qc6 43. cxb5 axb5 44. Bf1 b4 45. Qc4 Bc5 46. Qb5 Qd6
47. Qd3 Bd4 48. Qb5+ Bc5 49. Qd3 Bd4 50. Qb5+ Bc5 51. Qd3 1/2-1/2

[Event "SG Porz 2 - SV Letmathe 1"]
[Site "NRW-Klasse - Gruppe 1 2018/20"]
[Date "2019.05.12"]
[Round "9.1"]
[White "Kolosowski, Mateusz"]
[Black "Suvorov, Alexander"]
[Result "1/2-1/2"]
[WhiteElo "2477"]
[BlackElo "2304"]
[PlyCount "69"]
[EventDate "2019.??.??"]
[WhiteTeam "SV Letmathe 1"]
[BlackTeam "SG Porz 2"]

1. e4 c5 2. Nf3 e6 3. d4 cxd4 4. Nxd4 Nc6 5. Nc3 Qc7 6. Be3 a6 7. Qf3 d6 8.
O-O-O Bd7 9. Nxc6 Bxc6 10. Qg3 Nf6 11. f3 b5 12. Kb1 b4 13. Ne2 e5 14. Qf2 a5
15. Ng3 g6 16. Bc4 Be7 17. Bh6 Bd7 18. Qe2 Rc8 19. b3 Be6 20. Ba6 Rb8 21. Nf1
Bf8 22. Bg5 Be7 23. Bxf6 Bxf6 24. Bb5+ Kf8 25. Ne3 Bg5 26. Nd5 Bxd5 27. Rxd5
Ke7 28. Rhd1 Rhd8 29. Qc4 Qxc4 30. Bxc4 Ra8 31. R1d3 h5 32. Rb5 Rdb8 33. Rxb8
Rxb8 34. Rd5 Ra8 35. Kb2 1/2-1/2

[Event "SG Porz 2 - SV Letmathe 1"]
[Site "NRW-Klasse - Gruppe 1 2018/20"]
[Date "2019.05.12"]
[Round "9.2"]
[White "Suvorov, Luca"]
[Black "Podzielny, Karl-Heinz"]
[Result "1-0"]
[WhiteElo "2198"]
[BlackElo "2273"]
[PlyCount "113"]
[EventDate "2019.??.??"]
[WhiteTeam "SG Porz 2"]
[BlackTeam "SV Letmathe 1"]

1. d4 Nf6 2. c4 g6 3. f3 Bg7 4. e4 d6 5. Nc3 e5 6. Nge2 Nbd7 7. Be3 exd4 8.
Nxd4 O-O 9. Be2 Re8 10. Qd2 a6 11. O-O Ne5 12. Rad1 Rb8 13. h3 Bd7 14. f4 Nc6
15. Bf3 b5 16. e5 Nxd4 17. Qxd4 b4 18. Ne2 Qe7 19. Qa7 dxe5 20. fxe5 Qxe5 21.
Bd4 Qf5 22. Bxf6 Bxf6 23. Bg4 Qc2 24. Rxd7 Rbd8 25. Qxc7 Qxb2 26. Re1 Rxd7 27.
Qxd7 Re7 28. Qd6 Kg7 29. Qxa6 Bg5 30. c5 h5 31. Bf3 Be3+ 32. Kh1 Bxc5 33. Qc4
Qe5 34. Rc1 Be3 35. Rb1 Bc5 36. Rc1 Be3 37. Rd1 Bc5 38. Qd5 Qe3 39. Qb3 Qe5 40.
Rd5 Qa1+ 41. Qd1 Qxd1+ 42. Rxd1 Ra7 43. Bd5 h4 44. g3 hxg3 45. Kg2 f5 46. Nxg3
Kf6 47. Bb3 Be7 48. Re1 Ra6 49. h4 Bf8 50. Re8 Bh6 51. Rb8 Bd2 52. Re8 Bh6 53.
Rb8 Bd2 54. h5 Ke5 55. Re8+ Kf4 56. h6 Ra7 57. Bg8 1-0

[Event "SG Porz 2 - SV Letmathe 1"]
[Site "NRW-Klasse - Gruppe 1 2018/20"]
[Date "2019.05.12"]
[Round "9.3"]
[White "Cukrowski, Filip"]
[Black "Bunyatov, Rustam"]
[Result "1-0"]
[WhiteElo "2416"]
[BlackElo "2222"]
[PlyCount "37"]
[EventDate "2019.??.??"]
[WhiteTeam "SV Letmathe 1"]
[BlackTeam "SG Porz 2"]

1. e4 c5 2. Nf3 d6 3. d4 cxd4 4. Nxd4 Nf6 5. Nc3 a6 6. Be3 e6 7. g4 b5 8. Bg2
Bb7 9. g5 Nfd7 10. f4 Nb6 11. O-O N8d7 12. f5 e5 13. Ne6 fxe6 14. Qh5+ Ke7 15.
f6+ gxf6 16. gxf6+ Nxf6 17. Bg5 Kd7 18. Bxf6 Be7 19. Bxe7 1-0

[Event "SG Porz 2 - SV Letmathe 1"]
[Site "NRW-Klasse - Gruppe 1 2018/20"]
[Date "2019.05.12"]
[Round "9.4"]
[White "Liard, Thibaud"]
[Black "Adamski, Jan"]
[Result "1-0"]
[WhiteElo "2143"]
[BlackElo "2165"]
[Annotator "Daniel"]
[PlyCount "57"]
[EventDate "2019.??.??"]
[WhiteTeam "SG Porz 2"]
[BlackTeam "SV Letmathe 1"]

1. d4 Nf6 2. c4 e6 3. Nc3 Bb4 4. Qc2 O-O 5. a3 Bxc3+ 6. Qxc3 Ne4 7. Qc2 f5 8.
e3 b6 9. Nf3 Bb7 10. Be2 d6 11. O-O Nd7 12. b4 Qe7 13. Bb2 Rf6 14. d5 e5 15. a4
a5 16. bxa5 Rxa5 17. Ba3 Rf8 18. Bb4 Ra7 19. Ra3 c6 20. dxc6 Bxc6 21. Rd1 Rfa8
22. Qa2 Ndc5 23. Nd2 Rxa4 24. Nxe4 Rxa3 25. Bxa3 Nxe4 26. Qb2 Qc7 27. f3 Nc5
28. Bb4 h6 29. Qb1 {Rest komplett unleserlich!} 1-0

[Event "SG Porz 2 - SV Letmathe 1"]
[Site "NRW-Klasse - Gruppe 1 2018/20"]
[Date "2019.05.12"]
[Round "9.5"]
[White "Schleining, Zoya"]
[Black "Finke, Kai"]
[Result "1-0"]
[WhiteElo "2300"]
[BlackElo "2091"]
[PlyCount "55"]
[EventDate "2019.??.??"]
[WhiteTeam "SV Letmathe 1"]
[BlackTeam "SG Porz 2"]

1. d4 Nf6 2. Nf3 d5 3. c4 c6 4. cxd5 cxd5 5. Nc3 Nc6 6. Bf4 a6 7. Rc1 Bf5 8. e3
Rc8 9. Be2 Qb6 10. O-O e6 11. Na4 Qa5 12. Qb3 b5 13. Ne5 Na7 14. Rxc8+ Nxc8 15.
Rc1 Na7 16. g4 Be4 17. Nc3 Be7 18. g5 O-O 19. gxf6 gxf6 20. Nd3 Bxd3 21. Bxd3
Rc8 22. Bf1 b4 23. Ne2 Qb6 24. Rxc8+ Nxc8 25. Qc2 Nd6 26. Bxd6 Bxd6 27. Qc8+
Kg7 28. Ng3 1-0

[Event "SG Porz 2 - SV Letmathe 1"]
[Site "NRW-Klasse - Gruppe 1 2018/20"]
[Date "2019.05.12"]
[Round "9.6"]
[White "Kremser, Michael"]
[Black "Soukup, Jiri"]
[Result "0-1"]
[WhiteElo "1998"]
[BlackElo "2339"]
[PlyCount "52"]
[EventDate "2019.??.??"]
[WhiteTeam "SG Porz 2"]
[BlackTeam "SV Letmathe 1"]

1. d4 Nf6 2. c4 e6 3. Nf3 b6 4. Nc3 Bb7 5. e3 Be7 6. Bd3 d5 7. O-O O-O 8. Qe2
c5 9. dxc5 bxc5 10. Rd1 Qb6 11. cxd5 exd5 12. e4 d4 13. Na4 Qc6 14. b3 Nbd7 15.
Ba3 Rfe8 16. Rac1 Bd6 17. Nxd4 Qc7 18. h3 Nxe4 19. Nb5 Bh2+ 20. Kh1 Ng3+ 21.
fxg3 Qxg3 22. Bxh7+ Kh8 23. Be4 Rxe4 24. Qh5+ Kg8 25. Rf1 Rf4 26. Rxf4 Bxg2#
0-1

[Event "SG Porz 2 - SV Letmathe 1"]
[Site "NRW-Klasse - Gruppe 1 2018/20"]
[Date "2019.05.12"]
[Round "9.7"]
[White "Hunold, Rolf"]
[Black "Quinones-Maletti, Julio Guillermo"]
[Result "1/2-1/2"]
[WhiteElo "1945"]
[BlackElo "1949"]
[PlyCount "64"]
[EventDate "2019.??.??"]
[WhiteTeam "SV Letmathe 1"]
[BlackTeam "SG Porz 2"]

1. e4 c5 2. Nf3 d6 3. d4 cxd4 4. Nxd4 Nf6 5. Nc3 a6 6. Bg5 e6 7. Qd2 h6 8. Bxf6
gxf6 9. g3 b6 10. Bg2 Bb7 11. Qe2 Qc7 12. O-O Nd7 13. Rfe1 O-O-O 14. Nd1 h5 15.
h4 Ne5 16. Ne3 Bh6 17. b3 Qc3 18. Rad1 Kb8 19. f4 Rhg8 20. Nf1 Ng4 21. Rd3 Qc5
22. Kh1 e5 23. b4 Qxb4 24. Nf5 exf4 25. Nxh6 Nxh6 26. Rb3 Qc5 27. Reb1 Ng4 28.
Rxb6 Nf2+ 29. Kh2 Ng4+ 30. Kh1 Nf2+ 31. Kh2 Ng4+ 32. Kh1 Nf2+ 1/2-1/2

[Event "SG Porz 2 - SV Letmathe 1"]
[Site "NRW-Klasse - Gruppe 1 2018/20"]
[Date "2019.05.12"]
[Round "9.8"]
[White "Evers, Leo"]
[Black "Heeke, Guido"]
[Result "1-0"]
[WhiteElo "2019"]
[BlackElo "1852"]
[PlyCount "133"]
[EventDate "2019.??.??"]
[WhiteTeam "SG Porz 2"]
[BlackTeam "SV Letmathe 1"]

1. d4 f5 2. Nc3 Nf6 3. Bg5 e6 4. e4 fxe4 5. Nxe4 Be7 6. Bd3 Nxe4 7. Bxe7 Qxe7
8. Bxe4 Qf6 9. Nf3 d6 10. Qe2 O-O 11. O-O-O Nd7 12. Kb1 e5 13. Qc4+ Kh8 14.
Qxc7 Nb6 15. dxe5 dxe5 16. Qxe5 Bg4 17. Qxf6 gxf6 18. h3 Bh5 19. g4 Bg6 20.
Bxg6 hxg6 21. Rhe1 Rfe8 22. b3 Kg7 23. a4 a5 24. Kb2 Kf7 25. Rxe8 Kxe8 26. Rd6
Ra6 27. Re6+ Kf7 28. Re4 Nd7 29. Nd4 Rd6 30. Nb5 Rc6 31. f4 b6 32. Nd4 Rd6 33.
Nf3 Nc5 34. Rd4 Rc6 35. f5 gxf5 36. gxf5 Ke7 37. h4 Rc8 38. Nd2 Rh8 39. Nc4 Nd7
40. Re4+ Kd8 41. Rg4 Rh5 42. Rf4 Kc7 43. Kc3 Kc6 44. Kd4 Rh8 45. Ke3 Rh7 46.
Kf2 Kd5 47. Kf3 Rh8 48. Ne3+ Kc6 49. Rc4+ Kd6 50. Rd4+ Kc6 51. Nc4 Rh7 52. Kg4
Kc7 53. h5 Rh6 54. Kh4 Kc6 55. Rd6+ Kc7 56. Re6 Kb7 57. Nd6+ Kc7 58. Ne4 Kd8
59. Nf2 Ne5 60. Ng4 Nxg4 61. Kxg4 Kc7 62. c3 Kb7 63. b4 axb4 64. cxb4 Kc7 65.
b5 Kb7 66. Re7+ Kc8 67. Rg7 1-0

[Event "SV Weidenau/Geisweid 1 - Oberhausener S"]
[Site "NRW-Klasse - Gruppe 1 2018/20"]
[Date "2019.05.12"]
[Round "9.1"]
[White "Hort, Vlastimil"]
[Black "Karthaeuser, Johannes"]
[Result "1-0"]
[WhiteElo "2335"]
[BlackElo "2159"]
[PlyCount "87"]
[EventDate "2019.??.??"]
[WhiteTeam "Oberhausener SV 1"]
[BlackTeam "SV Weidenau/Geisweid 1"]

1. Nf3 Nf6 2. e3 g6 3. b3 Bg7 4. Bb2 d6 5. c4 O-O 6. Nc3 Ne4 7. Qc2 Nxc3 8.
Bxc3 e5 9. Be2 Nc6 10. O-O Qe7 11. d3 f5 12. b4 g5 13. b5 Nd8 14. Rfe1 g4 15.
Nd2 Ne6 16. a4 Qg5 17. Qb2 Rf6 18. d4 exd4 19. exd4 Rh6 20. d5 Qh4 21. Nf1 Bxc3
22. Qxc3 Nc5 23. Bxg4 Ne4 24. Qe3 Bd7 25. Bf3 Re8 26. Bxe4 fxe4 27. Qg3+ Qxg3
28. Nxg3 Rh4 29. Re3 c6 30. dxc6 bxc6 31. Rae1 cxb5 32. Nxe4 Re6 33. axb5 d5
34. cxd5 Rb6 35. Ra1 Bxb5 36. g3 Rh5 37. Rxa7 Rxd5 38. Nc3 Rd8 39. Nxb5 Rxb5
40. Ree7 h5 41. Rg7+ Kh8 42. Rh7+ Kg8 43. Rag7+ Kf8 44. Rb7 1-0

[Event "SV Weidenau/Geisweid 1 - Oberhausener S"]
[Site "NRW-Klasse - Gruppe 1 2018/20"]
[Date "2019.05.12"]
[Round "9.2"]
[White "Send, Sebastian"]
[Black "Becker, Marcel"]
[Result "0-1"]
[WhiteElo "2115"]
[BlackElo "2321"]
[PlyCount "44"]
[EventDate "2019.??.??"]
[WhiteTeam "SV Weidenau/Geisweid 1"]
[BlackTeam "Oberhausener SV 1"]

1. f4 d5 2. Nf3 g6 3. g3 Bg7 4. Bg2 c6 5. O-O Qb6+ 6. d4 Nh6 7. c3 Nd7 8. Qe1
Nf6 9. h3 Nf5 10. g4 Nd6 11. Ne5 h5 12. Qg3 Nde4 13. Bxe4 Nxe4 14. Qf3 hxg4 15.
Nxg4 Bf5 16. e3 O-O-O 17. c4 Rh4 18. cxd5 cxd5 19. Nc3 Rdh8 20. Nf2 Rxh3 21.
Nxh3 Rxh3 22. Nxd5 Qe6 0-1

[Event "SV Weidenau/Geisweid 1 - Oberhausener S"]
[Site "NRW-Klasse - Gruppe 1 2018/20"]
[Date "2019.05.12"]
[Round "9.3"]
[White "Kummerow, Heiko"]
[Black "Jansen, Dirk Norbert"]
[Result "1/2-1/2"]
[WhiteElo "2172"]
[BlackElo "2146"]
[PlyCount "40"]
[EventDate "2019.??.??"]
[WhiteTeam "Oberhausener SV 1"]
[BlackTeam "SV Weidenau/Geisweid 1"]

1. e4 e6 2. d4 d5 3. Nd2 Nf6 4. e5 Nfd7 5. c3 c5 6. Bd3 b5 7. Bxb5 Qb6 8. Qa4
a6 9. Bd3 cxd4 10. cxd4 Nc6 11. Ne2 Be7 12. O-O f6 13. exf6 Bxf6 14. Nf3 O-O
15. Be3 Nb4 16. Bb1 a5 17. Nc3 Nc6 18. Qc2 g6 19. Na4 Qb5 20. Nc3 Qb6 1/2-1/2

[Event "SV Weidenau/Geisweid 1 - Oberhausener S"]
[Site "NRW-Klasse - Gruppe 1 2018/20"]
[Date "2019.05.12"]
[Round "9.4"]
[White "Scholl, Patrick"]
[Black "Nissen, Claus"]
[Result "0-1"]
[WhiteElo "1965"]
[BlackElo "2107"]
[PlyCount "130"]
[EventDate "2019.??.??"]
[WhiteTeam "SV Weidenau/Geisweid 1"]
[BlackTeam "Oberhausener SV 1"]

1. c4 Nf6 2. g3 g6 3. Bg2 Bg7 4. Nc3 O-O 5. d3 d6 6. Rb1 a5 7. a3 e5 8. Nf3 Nc6
9. O-O h6 10. b4 axb4 11. axb4 Be6 12. e4 Nd7 13. Nd5 Kh7 14. Nh4 Nd4 15. Be3
g5 16. Bxd4 exd4 17. Nf5 Bxf5 18. exf5 c6 19. f6 Bxf6 20. Nxf6+ Nxf6 21. Qf3
Kg7 22. Bh3 Re8 23. b5 Qc7 24. bxc6 bxc6 25. Bg2 Ra6 26. h3 Rb8 27. Rxb8 Qxb8
28. Qf5 Qd8 29. Qf3 Qe7 30. Qd1 Qe8 31. f4 Qe3+ 32. Kh2 Ra2 33. fxg5 hxg5 34.
Rf5 Rf2 35. Rxf2 Qxf2 36. Qf3 Qxf3 37. Bxf3 c5 38. Bc6 Ng8 39. g4 Ne7 40. Be4
Ng6 41. Kg3 Kf6 42. Bd5 Nf4 43. Be4 Ke5 44. Bf5 d5 45. cxd5 Nxd5 46. Kf3 Nc3
47. Bh7 Nb5 48. Kg3 Nd6 49. h4 gxh4+ 50. Kxh4 Kf6 51. Kg3 Ke5 52. Bg8 f6 53.
Kf3 Ne8 54. Bf7 Nc7 55. Bc4 Nd5 56. Bb5 Ne3 57. Ba6 Kd6 58. Bb7 Kc7 59. Be4 Kb6
60. Kf4 Kb5 61. g5 fxg5+ 62. Kxg5 Kb4 63. Kf4 Kc3 64. Ke5 Nd1 65. Kd5 Nf2 0-1

[Event "SV Weidenau/Geisweid 1 - Oberhausener S"]
[Site "NRW-Klasse - Gruppe 1 2018/20"]
[Date "2019.05.12"]
[Round "9.5"]
[White "Ciornei, Dragos"]
[Black "Donner, Bernd"]
[Result "1/2-1/2"]
[WhiteElo "2153"]
[BlackElo "2148"]
[PlyCount "76"]
[EventDate "2019.??.??"]
[WhiteTeam "Oberhausener SV 1"]
[BlackTeam "SV Weidenau/Geisweid 1"]

1. e4 d6 2. d4 Nd7 3. Nf3 g6 4. Bc4 e6 5. Nc3 Bg7 6. O-O h6 7. Re1 Ne7 8. a4
O-O 9. h3 a6 10. a5 b5 11. axb6 Nxb6 12. Bb3 Bd7 13. Ne2 a5 14. c3 Qb8 15. Ng3
Qb7 16. h4 a4 17. Bc2 Bb5 18. Bf4 Bc4 19. Bb1 f6 20. Qc1 e5 21. Bxh6 Bxh6 22.
Qxh6 Rf7 23. dxe5 dxe5 24. Bc2 Be6 25. h5 Rh7 26. Qe3 gxh5 27. Nh4 Kh8 28. Qc5
Qc6 29. Ng6+ Kg7 30. Qxe7+ Kxg6 31. Nf5 Bxf5 32. exf5+ Kh6 33. Qb4 Qc4 34. Qxc4
Nxc4 35. Rxa4 Rxa4 36. Bxa4 Nxb2 37. Bb5 c6 38. Bxc6 Rc7 1/2-1/2

[Event "SV Weidenau/Geisweid 1 - Oberhausener S"]
[Site "NRW-Klasse - Gruppe 1 2018/20"]
[Date "2019.05.12"]
[Round "9.6"]
[White "Waechtler, Frank"]
[Black "Matzat, Andre"]
[Result "1/2-1/2"]
[WhiteElo "1995"]
[BlackElo "1955"]
[Annotator "Daniel"]
[PlyCount "49"]
[EventDate "2019.??.??"]
[WhiteTeam "SV Weidenau/Geisweid 1"]
[BlackTeam "Oberhausener SV 1"]

1. e4 c5 2. Nf3 e6 3. c4 Nc6 4. Nc3 e5 5. d3 d6 6. Be2 f5 7. Nd5 Be7 8. a3 Nf6
9. O-O O-O 10. Bd2 fxe4 11. Nxf6+ $11 Rxf6 12. dxe4 Nd4 13. Nxd4 cxd4 14. f4
Rf8 15. b4 exf4 16. Bxf4 Bf6 17. Rc1 Be5 18. Qd2 Be6 19. Bd3 a5 20. Bxe5 Rxf1+
21. Bxf1 dxe5 22. b5 Rc8 23. c5 Qe7 24. Qxa5 Rxc5 25. Qb4 1/2-1/2